[Event "Aarhus"]
[Site "Aarhus"]
[Date "1983.??.??"]
[Round "6"]
[White "Berg, Klaus"]
[Black "Mortensen, Erling"]
[Result "1-0"]
[WhiteElo "2375"]
[BlackElo "2475"]

1.Nf3 Nf6 2.c4 d6 3.d4 g6 4.Nc3 Bg7 5.e4 O-O 6.Be2 e5 7.O-O Nc6 8.d5 Ne7
9.Ne1 Nd7 10.Be3 f5 11.f3 f4 12.Bf2 g5 13.b4 Ng6 14.c5 Nf6 15.a4 h5 16.cxd6 cxd6
17.a5 Bd7 18.Bb5 g4 19.Bxd7 Qxd7 20.Qa4 g3 21.hxg3 fxg3 22.Bxg3 Qe7 23.Nd3 h4
24.Bf2 Nh5 25.Ne2 Bh6 26.Ra2 Kh8 27.g4 hxg3 28.Nxg3 Qg5 29.Qd7 Rxf3 30.Ne1 Rxg3+
31.Bxg3 Nxg3 32.Rf7 Kg8 33.Nf3 Qe3+ 34.Kg2 Nh5 35.Qe6 Rf8 36.Rxf8+ Kxf8 37.Qf5+ Kg7
38.Qxh5 Qxe4 39.Kh3 Kh7 40.Ng5+  1-0

[Event "Aarhus"]
[Site "Aarhus"]
[Date "1983.??.??"]
[Round "8"]
[White "Berg, Klaus"]
[Black "Jacobsen, Bo"]
[Result "1-0"]
[WhiteElo "2375"]
[BlackElo "2320"]

1.Nf3 d6 2.d4 Nf6 3.c4 g6 4.Nc3 Bg7 5.e4 O-O 6.Be2 e5 7.O-O Nc6 8.d5 Ne7
9.Nd2 g5 10.c5 dxc5 11.Nb3 b6 12.Bxg5 Ne8 13.Bg4 Nd6 14.Nd2 Kh8 15.Bxc8 Rxc8
16.Qh5 f6 17.Be3 Qe8 18.Qh3 Qg6 19.Nf3 f5 20.Bg5 Ng8 21.exf5 Rxf5 22.Be3 Rh5
23.Nh4 Qe8 24.g4 Qd7 25.Qg3 Rxh4 26.Qxh4 e4 27.Rae1 Ne7 28.Kh1 Ng6 29.Qh5 Rf8
30.h3 Rf3 31.Bh6 Bxh6 32.Qxh6 Nf7 33.Qh5 Nf4 34.Qf5 Qxf5 35.gxf5 Rxh3+ 36.Kg1 Ng5
37.f3 Nxf3+ 38.Rxf3 exf3 39.Re8+ Kg7 40.Ne4 Nxd5 41.Kf2 h6 42.Re6 Kf7 43.Rc6 c4
44.Ng3 Rh2+ 45.Kxf3 Rxb2 46.Ke4 Rd2 47.Ke5 Ne7 48.Rf6+ Kg8 49.Ke6 Rd3 50.Kxe7 Rxg3
51.Rf8+ Kh7 52.Rf7+ Rg7 53.Rxg7+ Kxg7 54.f6+ Kg6 55.f7 c3 56.f8=Q c2  1-0

[Event "OHRA"]
[Site "Amsterdam"]
[Date "1983.??.??"]
[Round "?"]
[White "Berg, Klaus"]
[Black "De Roode, Peter"]
[Result "0-1"]
[WhiteElo "2400"]
[BlackElo "2250"]

1.c4 Nf6 2.Nc3 g6 3.e4 d6 4.d4 Bg7 5.Be2 O-O 6.Nf3 e5 7.O-O Nc6 8.d5 Ne7
9.Nd2 a5 10.Rb1 Ne8 11.a3 f5 12.b4 axb4 13.axb4 Nf6 14.f3 Bh6 15.c5 Be3+
16.Kh1 dxc5 17.Qb3 Kg7 18.Nc4 Bd4 19.bxc5 fxe4 20.fxe4 Ng4 21.Bg5 Rxf1+ 22.Rxf1 Nf2+
23.Rxf2 Bxf2 24.d6 Bxc5 25.Bxe7 Qg8 26.Nd1 Bxd6 27.Bxd6 cxd6 28.Qb6 Ra2 29.Ncb2 Qf8
30.h3 Ra3 31.Nc4 Ra2 32.Ndb2 Ra1+ 33.Bd1 Ra6 34.Qc7+ Kh6 35.Nb6 Be6 36.Qxb7 Qf1+
37.Kh2 Ra2 38.N6a4 Ra3 39.Bf3 Rxf3 40.Qe7 Rf6 41.Qxd6  0-1

[Event "Athens"]
[Site "Athens"]
[Date "1983.??.??"]
[Round "?"]
[White "Inkiov, Ventzislav"]
[Black "Grivas, Efstratios"]
[Result "1-0"]
[WhiteElo "2500"]
[BlackElo "2365"]

1.d4 Nf6 2.c4 g6 3.Nc3 Bg7 4.Nf3 O-O 5.e4 d6 6.Be2 e5 7.O-O Nc6 8.Be3 Re8
9.dxe5 dxe5 10.Qxd8 Nxd8 11.Nd5 Ne6 12.Ng5 Nxd5 13.cxd5 Nxg5 14.Bxg5 Bd7
15.Rac1 c6 16.Bc4 Rac8 17.Rfd1 h6 18.Be3 a6 19.f3 Bf8 20.Bb3 Kg7 21.d6 g5
22.a4 Kg6 23.a5 Bg7 24.Rc4 Ra8 25.Rb4 Reb8 26.Bb6 Rc8 27.Bc7 Ra7 28.Bc4 Bf6
29.Bb6 Raa8 30.Bc5 Rcb8 31.Rd3 Bd8 32.Rdb3 Bc8 33.d7 Bxd7 34.Rxb7 Rxb7 35.Rxb7 Be8
36.b4  1-0

[Event "Banja Luka"]
[Site "Banja Luka"]
[Date "1983.??.??"]
[Round "4"]
[White "Chekhov, Valery A"]
[Black "Bukic, Enver"]
[Result "1-0"]
[WhiteElo "2510"]
[BlackElo "2470"]

1.d4 Nf6 2.Nf3 g6 3.c4 Bg7 4.Nc3 O-O 5.e4 d6 6.Be2 e5 7.O-O Nc6 8.Be3 Re8
9.dxe5 dxe5 10.Qxd8 Rxd8 11.Bg5 Rd7 12.Bd1 h6 13.Bxf6 Bxf6 14.Ba4 Rd6 15.c5 Re6
16.Nd5 Bd8 17.Rfd1 Kg7 18.Rac1 a5 19.Bxc6 bxc6 20.Nb6 cxb6 21.Rxd8 bxc5 22.Rxc5 Kf6
23.h4 Ke7 24.Rh8 Kd6 25.Rc3 Bb7 26.Rxh6 Ke7 27.Rh7 a4 28.h5 gxh5 29.Rxh5 Ra5
30.Nh4 Kd7 31.Rf3 f6 32.Rd3+ Kc7 33.Rh7+ Kb6 34.Rdd7 Ba6 35.Nf5 Re8 36.Rdf7 Rc5
37.Rxf6 Rc1+ 38.Kh2 Rc2 39.Ne3 Rxb2 40.Nd5+ Ka5 41.Rxc6 Bb7 42.Rc5+ Ka6 43.Nc7+ Kb6
44.Rc4 Rf8 45.Rh6+ Ka7 46.Rxa4+ Kb8 47.Na6+ Bxa6 48.Raxa6 Rfxf2 49.Rhb6+ Rxb6
50.Rxb6+ Kc7 51.Re6 Rxa2 52.Rxe5 Kd6 53.Rf5 Ke6 54.Kg3 Ke7 55.Re5+ Kd6 56.Rf5 Ke6
57.Kf3 Ra1 58.g4 Rf1+ 59.Kg3 Rh1 60.Kf4 Rh8 61.e5 Rh1 62.Rf6+ Ke7 63.g5 Rf1+
64.Kg4 Re1 65.Kf5 Rf1+ 66.Kg6 Re1 67.Kg7 Rxe5 68.g6 Re1 69.Rf2  1-0

[Event "Banja Luka"]
[Site "Banja Luka"]
[Date "1983.??.??"]
[Round "8"]
[White "Ftacnik, Lubomir"]
[Black "Bukic, Enver"]
[Result "1-0"]
[WhiteElo "2560"]
[BlackElo "2470"]

1.d4 Nf6 2.c4 g6 3.Nc3 Bg7 4.e4 d6 5.Nf3 O-O 6.Be2 e5 7.O-O Nc6 8.d5 Ne7
9.Ne1 Nd7 10.Nd3 f5 11.Bd2 fxe4 12.Nxe4 Nf6 13.Nxf6+ Bxf6 14.Bf3 Nf5 15.Bc3 Nd4
16.Bxd4 exd4 17.Re1 Bg7 18.Bg4 c6 19.Be6+ Kh8 20.Qb3 Qb6 21.Bxc8 Raxc8 22.Qxb6 axb6
23.Re7 cxd5 24.cxd5 Rc2 25.Rd1 Rb8 26.Kf1 Kg8 27.g3 Bf8 28.Rd7 b5 29.a3 b6
30.h4 Re8 31.Rb7 Ree2 32.Rxb6 Red2 33.Rxd2 Rxd2 34.Rxb5  1-0

[Event "Banja Luka"]
[Site "Banja Luka"]
[Date "1983.??.??"]
[Round "9"]
[White "Bukic, Enver"]
[Black "Sznapik, Aleksander"]
[Result "1-0"]
[WhiteElo "2470"]
[BlackElo "2460"]

1.d4 Nf6 2.c4 g6 3.Nc3 Bg7 4.e4 d6 5.Nf3 O-O 6.Be2 e5 7.O-O Nc6 8.d5 Ne7
9.Nd2 c5 10.dxc6 bxc6 11.b4 d5 12.Ba3 Re8 13.b5 Qa5 14.Bb2 Nxe4 15.Ndxe4 dxe4
16.Nxe4 Rd8 17.Bc3 Qc7 18.Qe1 a5 19.a4 f5 20.Nd2 cxb5 21.axb5 Nd5 22.Bb2 Nf4
23.g3 Nh3+ 24.Kg2 Ng5 25.Rc1 Bb7+ 26.f3 e4 27.Bxg7 Qxg7 28.Rc2 exf3+ 29.Bxf3 Re8
30.Qf2 Rad8 31.h4 Nxf3 32.Nxf3 Rd3 33.Qb6 Ree3 34.Rcf2 Qc3 35.Qxb7  1-0

[Event "Banja Luka"]
[Site "Banja Luka"]
[Date "1983.??.??"]
[Round "13"]
[White "Ftacnik, Lubomir"]
[Black "Sznapik, Aleksander"]
[Result "1-0"]
[WhiteElo "2560"]
[BlackElo "2460"]

1.d4 Nf6 2.c4 g6 3.Nc3 Bg7 4.e4 d6 5.Nf3 O-O 6.Be2 e5 7.O-O Nc6 8.d5 Ne7
9.Ne1 Nd7 10.Nd3 f5 11.Bd2 Nf6 12.f3 Kh8 13.Rc1 c6 14.Nf2 c5 15.g4 Neg8 16.Kg2 Rf7
17.h4 Bf8 18.Nh3 h6 19.exf5 gxf5 20.g5 f4 21.Rh1 Rg7 22.Kf2 Nh5 23.Ne4 Bf5
24.Bd3 Be7 25.Nf6 Bxf6 26.Bxf5 Ng3 27.Be4 Nxh1+ 28.Qxh1 Be7 29.Bc3 h5 30.Re1 Qd7
31.Nxf4 exf4 32.Bc2 Bf8 33.Re6 Ne7 34.Qe1 Kg8 35.Bxg7 Kxg7 36.Qe4 Kf7 37.Qxf4+ Kg8
38.Bh7+ Kxh7 39.Qf7+ Kh8 40.g6  1-0

[Event "Biel"]
[Site "Biel"]
[Date "1983.??.??"]
[Round "?"]
[White "Toth, Bela"]
[Black "Nemet, Ivan"]
[Result "0-1"]
[WhiteElo "2400"]
[BlackElo "2395"]

1.d4 Nf6 2.c4 g6 3.Nc3 Bg7 4.e4 d6 5.Be2 O-O 6.Nf3 e5 7.O-O Nc6 8.d5 Ne7
9.Ne1 Nd7 10.Nd3 f5 11.Bd2 Nf6 12.f3 f4 13.c5 g5 14.Rc1 Ng6 15.cxd6 cxd6
16.Nb5 Rf7 17.Qc2 Ne8 18.a4 h5 19.Nf2 Bd7 20.Qb3 Bf8 21.h3 Rg7 22.Rc3 a6
23.Na3 Nh4 24.Rfc1 Rb8 25.Be1 Kh8 26.R3c2 b5 27.axb5 axb5 28.Qb4 Qb6 29.Kf1 Be7
30.Rc3 Bd8 31.Rb3 Qa7 32.Nd1 Nxg2 33.Kxg2 Bxh3+ 34.Kh1 g4 35.Bf2 Qe7 36.fxg4 hxg4
37.Rxh3+ gxh3 38.Bf3 Rg3 39.Bxg3 fxg3 40.Qd2 Qh4 41.Ne3 Bg5 42.Qd3  0-1

[Event "Bratislava"]
[Site "Bratislava"]
[Date "1983.??.??"]
[Round "11"]
[White "Ftacnik, Lubomir"]
[Black "Pribyl, Josef"]
[Result "1/2-1/2"]
[WhiteElo "2535"]
[BlackElo "2450"]

1.d4 Nf6 2.c4 g6 3.Nc3 Bg7 4.e4 d6 5.Be2 O-O 6.Nf3 e5 7.O-O Nc6 8.d5 Ne7
9.Ne1 Nd7 10.Nd3 f5 11.Bd2 Nf6 12.f3 f4 13.c5 g5 14.Rc1 Ng6 15.cxd6 cxd6
16.Nb5 Rf7 17.Qc2 Ne8 18.a4 h5 19.Nf2 Bf8 20.Qb3 Rg7 21.h3 Nh4 22.Rc2 g4
23.fxg4 Nf6 24.Be1 Kh8 25.Qc4 hxg4 26.Nxg4 Nxg4 27.Bxg4 Bxg4 28.hxg4 Rxg4
29.Qd3 Qg5 30.Bxh4 Rxh4 31.Nc7 Rb8 32.Ne6 Qh6 33.Rfc1 Be7 34.Kf2 Rg8 35.Rc8 Rg4
36.Rxg8+ Kxg8 37.Rc8+ Kf7 38.Kg1 Rh4 39.Kf2 Rh1 40.Ke2 Qh4 41.Qf3 Re1+ 42.Kd2 Re3
43.Qf1 Rxe4 44.Rc3 Rb4 45.b3 Qh7 46.Rh3 Qe4 47.Kc3 a5 48.Qd1 Qg6 49.Qh1 Bf6
50.Kb2 e4+ 51.Kc1 e3 52.Rh6 Qf5 53.Rh7+ Kg8 54.Qh6 Bb2+ 55.Kxb2 Rxb3+ 56.Kxb3 Qd3+
57.Kb2 Qd2+  1/2-1/2

[Event "Bratislava"]
[Site "Bratislava"]
[Date "1983.??.??"]
[Round "13"]
[White "Ftacnik, Lubomir"]
[Black "Portisch, Ferenc"]
[Result "1-0"]
[WhiteElo "2535"]
[BlackElo "2435"]

1.d4 Nf6 2.c4 g6 3.Nc3 Bg7 4.e4 d6 5.Nf3 O-O 6.Be2 e5 7.O-O Nc6 8.d5 Ne7
9.Ne1 Nd7 10.Nd3 f5 11.Bd2 fxe4 12.Nxe4 Nf6 13.Bf3 Nf5 14.Bc3 Nxe4 15.Bxe4 Qh4
16.Qe2 Bd7 17.Rae1 Rae8 18.b4 Bh6 19.g3 Qg5 20.Kh1 Rf7 21.Qd1 Rfe7 22.Bb2 Bg7
23.a4 Nd4 24.f3 Nf5 25.Rf2 Qh6 26.Kg1 Bf6 27.Rfe2 Bg5 28.Nf2 Qf8 29.c5 b6
30.c6 Bc8 31.Kg2 h5 32.Qd3 Kh7 33.a5 Qf7 34.axb6 axb6 35.Bc3 Bh6 36.Ra2 Bg7
37.Nh3 Bh6 38.Ra7 Rf8 39.Re2 Rfe8 40.Nf2 Bg7 41.Ra8 Bh6 42.Re1 Qf6 43.Ra7 Qf7
44.Nd1 Qf6 45.Ra8 Qf7 46.Nb2 h4 47.g4 h3+ 48.Kxh3 Ne3 49.Rxc8 Rxc8 50.Bd2 Nxg4
51.Kxg4 Bf4 52.h4 Kh6 53.Rg1 Rg8 54.Kh3 Qf6 55.Nc4 Ree8 56.Ne3 Kh5 57.Rg4  1-0

[Event "Elekes mem-B"]
[Site "Budapest"]
[Date "1983.??.??"]
[Round "?"]
[White "Kluger, Gyula"]
[Black "Seifert, Milan"]
[Result "1/2-1/2"]
[WhiteElo "2275"]
[BlackElo "2325"]

1.d4 Nf6 2.c4 g6 3.Nc3 Bg7 4.e4 d6 5.Nf3 O-O 6.Be2 e5 7.O-O Nc6 8.d5 Ne7
9.b4 Nh5 10.g3 f5 11.Ng5 Nf6 12.f3 h6 13.Ne6 Bxe6 14.dxe6 c6 15.Be3 Kh7 16.b5 Re8
17.Qd3 d5 18.cxd5 cxd5 19.Bc5 d4 20.Na4 fxe4 21.fxe4 Qc8 22.Bb4  1/2-1/2

[Event "Capablanca mem-B"]
[Site "Cienfuegos"]
[Date "1983.??.??"]
[Round "?"]
[White "Vilela, Jose Luis"]
[Black "Vogt, Lothar"]
[Result "0-1"]
[WhiteElo "2440"]
[BlackElo "2510"]

1.d4 Nf6 2.c4 g6 3.Nc3 Bg7 4.e4 d6 5.Be2 O-O 6.Nf3 e5 7.O-O Nc6 8.d5 Ne7
9.Nd2 c5 10.dxc6 bxc6 11.b4 d5 12.b5 d4 13.Na4 d3 14.Bf3 cxb5 15.cxb5 Bd7
16.Nc5 Bxb5 17.a4 Bc6 18.Ra3 Qd6 19.Nxd3 Rfd8 20.Bb2 Nd7 21.Qa1 Rab8 22.Re1 Ba8
23.Nc4 Qe6 24.Ne3 h5 25.h3 Rdc8 26.Rc3 Rxc3 27.Bxc3 Nc6 28.Nd5 Nd4 29.Bxd4 exd4
30.Rb1 Qd6 31.Rxb8+ Qxb8 32.Qa2 Ne5 33.Be2 Bxd5 34.exd5 h4 35.Nxe5 Qxe5 36.Qc4 Bf8
37.Bf3 Bd6 38.Kf1 Qf5 39.Ke2 Qe5+ 40.Kf1 Kg7 41.a5 Bc7 42.Qb5 Qf4 43.Ke2 Qc1
44.Be4 Qc3 45.a6 Bf4 46.Qd3 Qa1 47.Qc4 Qb2+ 48.Qc2 Qb4 49.Bd3 Qa5 50.Bc4 Qc5
51.Kf3 Bc7 52.Qd3 Ba5 53.Qe2 Qa3+ 54.Kg4 f5+ 55.Kf4 Bc7+ 56.Kg5 Qc1+  0-1

[Event "Capablanca mem-B"]
[Site "Cienfuegos"]
[Date "1983.??.??"]
[Round "?"]
[White "Vera, Reynaldo"]
[Black "Garcia Martinez, Silvino"]
[Result "1-0"]
[WhiteElo "2420"]
[BlackElo "2435"]

1.Nf3 Nf6 2.c4 g6 3.Nc3 Bg7 4.e4 d6 5.d4 O-O 6.Be2 e5 7.O-O Nc6 8.d5 Ne7
9.b4 Nh5 10.g3 Bh3 11.Re1 h6 12.Nh4 Nf6 13.c5 Nd7 14.cxd6 cxd6 15.Nb5 Nb6
16.a4 a6 17.Na3 g5 18.Ng2 f5 19.f3 f4 20.a5 Nbc8 21.Nc4 b5 22.axb6 Nxb6 23.Na5 Nd7
24.Kh1 Qb6 25.Rg1 Rf7 26.Nc6 Ng6 27.g4 Nf6 28.Ne1 Nh4 29.Bf1 Bxf1 30.Rxf1 h5
31.gxh5 Nxh5 32.Qe2 Bf6 33.Qf2 Qb7 34.Rg1 Rh7 35.Rg4 Kh8 36.Bb2 Be7 37.Nd3 Nf6
38.Ndxe5 Nxg4 39.Nxg4+ Kg8 40.Nxe7+ Rxe7 41.Bf6 Rc7 42.Bxg5 Ng6 43.Qd4 Rac8
44.Qf6 Rc1+ 45.Rxc1 Rxc1+ 46.Kg2 Rc2+ 47.Kh3 Ne5 48.Qe6+ Nf7 49.Qe8+ Kg7
50.Bf6+ Kh7 51.Qf8  1-0

[Event "Gausdal Jubilee"]
[Site "Gausdal"]
[Date "1983.??.??"]
[Round "8"]
[White "Ogaard, Leif"]
[Black "Mortensen, Erling"]
[Result "1-0"]
[WhiteElo "2475"]
[BlackElo "2475"]

1.d4 Nf6 2.c4 g6 3.Nc3 Bg7 4.e4 d6 5.Nf3 O-O 6.Be2 e5 7.O-O Nc6 8.d5 Ne7
9.Nd2 a5 10.Rb1 Nd7 11.a3 f5 12.b4 b6 13.f3 Bh6 14.Nb3 Bxc1 15.Qxc1 axb4
16.axb4 Nf6 17.Ra1 Rxa1 18.Qxa1 Kh8 19.c5 bxc5 20.bxc5 Neg8 21.Qa5 Qe7 22.Qa7 Qg7
23.cxd6 cxd6 24.Qxg7+ Kxg7 25.Na5 fxe4 26.fxe4 Bd7 27.Nc4 Ne8 28.Rb1 Kf7
29.Rb7 Ke7 30.Nb6 Nef6 31.Bb5 Rd8 32.Nca4 Ke8 33.Nxd7 Nxd7 34.Nb6 Nf6 35.Nxd7 Nxd7
36.Kf2 Ke7 37.Ke3  1-0

[Event "Bundesliga 8283"]
[Site "Germany"]
[Date "1983.??.??"]
[Round "?"]
[White "Mehler, Gerhard"]
[Black "Schubert, Christian"]
[Result "1/2-1/2"]
[WhiteElo "2275"]
[BlackElo "2255"]

1.d4 Nf6 2.c4 g6 3.Nc3 Bg7 4.e4 d6 5.Nf3 O-O 6.Be2 e5 7.O-O Nc6 8.d5 Ne7
9.Nd2 c5 10.Rb1 Ne8 11.b4 f5 12.a4 b6 13.a5 fxe4 14.Ndxe4 Nf5 15.bxc5 bxc5
16.Qa4 Bd7 17.Qa2 Nf6 18.Bg5 Nxe4 19.Nxe4 Qc7 20.Bd3 Rab8 21.Bd2 Nd4 22.f3 Bf5
23.Rxb8 Rxb8 24.Rb1 Bxe4 25.Bxe4 a6 26.Kf2 Bf8  1/2-1/2

[Event "Hannover"]
[Site "Hannover"]
[Date "1983.??.??"]
[Round "8"]
[White "Sosonko, Gennadi"]
[Black "Bouaziz, Slim"]
[Result "1-0"]
[WhiteElo "2575"]
[BlackElo "2390"]

1.d4 Nf6 2.c4 g6 3.Nc3 Bg7 4.e4 d6 5.Nf3 O-O 6.Be2 e5 7.O-O Nc6 8.d5 Ne7
9.Ne1 Nd7 10.Nd3 f5 11.Bd2 Nf6 12.f3 f4 13.c5 g5 14.cxd6 cxd6 15.Nf2 Ng6
16.Qc2 a6 17.a4 h5 18.h3 Rf7 19.a5 b5 20.axb6 Qxb6 21.Na4 Qd8 22.Rfc1 Bf8
23.Ra3 g4 24.fxg4 hxg4 25.hxg4 Rg7 26.Be1 Nh4 27.Rh3 Nh5 28.Nh1 Be7 29.Qd1 Bd7
30.Rh2 Ng3 31.Nxg3 fxg3 32.Bxg3 Bg5 33.Rc6 Bf4 34.Bxf4 Bxc6 35.dxc6 exf4
36.Qd5+ Kf8 37.Bc4 Qf6 38.Nb6 Raa7 39.Nd7+ Raxd7 40.cxd7 Rxd7 41.g5  1-0

[Event "Poutiainen mem"]
[Site "Helsinki"]
[Date "1983.??.??"]
[Round "?"]
[White "Farago, Ivan"]
[Black "Yrjola, Jouni"]
[Result "1-0"]
[WhiteElo "2495"]
[BlackElo "2310"]

1.d4 Nf6 2.c4 g6 3.Nc3 Bg7 4.e4 d6 5.Be2 O-O 6.Nf3 e5 7.O-O Nc6 8.d5 Ne7
9.Nd2 a5 10.Rb1 Nd7 11.a3 f5 12.b4 axb4 13.axb4 Nf6 14.c5 Bh6 15.Kh1 fxe4
16.Ndxe4 Nxe4 17.Nxe4 Bxc1 18.Rxc1 Nf5 19.Bg4 h5 20.Bh3 Ra3 21.cxd6 cxd6
22.Qd2 Bd7 23.Rfe1 Bb5 24.Nc3 Be8 25.Bxf5 gxf5 26.f4 Qf6 27.fxe5 dxe5 28.d6 Rf7
29.Re3 Ra8 30.Rd3 e4 31.Rg3+ Kf8 32.Rf1 Qe6 33.Qd4 Qf6 34.Qxf6 Rxf6 35.Nxe4 Re6
36.Rxf5+ Bf7 37.h3 Rxe4 38.Rgf3 Rd4 39.Rxf7+ Kg8 40.Rxb7 h4 41.Kh2  1-0

[Event "Poutiainen mem"]
[Site "Helsinki"]
[Date "1983.??.??"]
[Round "?"]
[White "Tiller, Bjorn"]
[Black "Maki, Veijo"]
[Result "0-1"]
[WhiteElo "2430"]
[BlackElo "2370"]

1.c4 g6 2.e4 Bg7 3.d4 d6 4.Nc3 Nf6 5.Be2 O-O 6.Nf3 e5 7.O-O Nc6 8.d5 Ne7
9.Nd2 a5 10.b3 Nd7 11.Ba3 f5 12.b4 axb4 13.Bxb4 Bh6 14.a4 b6 15.Nb3 Nc5 16.exf5 gxf5
17.a5 Ng6 18.Re1 Kh8 19.Ra3 Nf4 20.Kh1 Nxg2 21.Kxg2 Qh4 22.Rg1 Ne4 23.Nxe4 fxe4
24.Kh1 Rxf2 25.Rg2 Rxg2 26.Kxg2 Bh3+ 27.Kh1 Rg8 28.Bf1 Be3 29.Bxh3 Qxh3 30.Ra2 Qf3+  0-1

[Event "Helsinki"]
[Site "Helsinki"]
[Date "1983.??.??"]
[Round "10"]
[White "Pinter, Jozsef"]
[Black "Mortensen, Erling"]
[Result "1-0"]
[WhiteElo "2535"]
[BlackElo "2475"]

1.d4 Nf6 2.c4 g6 3.Nc3 Bg7 4.e4 d6 5.Be2 O-O 6.Nf3 e5 7.O-O Nc6 8.d5 Ne7
9.Ne1 Nd7 10.f3 f5 11.g4 Nf6 12.Nd3 c6 13.Be3 Kh8 14.h3 b5 15.c5 cxd5 16.cxd6 Nc6
17.exd5 Nd4 18.f4 Nxe2+ 19.Qxe2 e4 20.Ne5 fxg4 21.Bc5 Nd7 22.Bd4 g5 23.Qxe4 Nf6
24.Qe3 gxf4 25.Qxf4 b4 26.Ne4 Kg8 27.Nc6 Nxd5 28.Qd2 Rxf1+ 29.Rxf1 Bxd4+
30.Kh1 Qe8 31.Qg5+ Kh8 32.Qxd5 Bg7 33.Ng5 Bb7 34.Nf7+ Kg8 35.d7 Qe2 36.Nh6+ Kh8
37.Qg8+  1-0

[Event "URS-ch U26"]
[Site "Jurmala"]
[Date "1983.??.??"]
[Round "?"]
[White "Shneider, Aleksandr"]
[Black "Lanka, Zigurds"]
[Result "1/2-1/2"]
[WhiteElo "2460"]
[BlackElo "2365"]

1.d4 Nf6 2.c4 g6 3.Nc3 Bg7 4.e4 d6 5.Be2 O-O 6.Nf3 e5 7.O-O Nc6 8.d5 Ne7
9.Nd2 a5 10.Rb1 Bd7 11.b3 Nc8 12.a3 Nb6 13.a4 Be8 14.Ba3 Nfd7 15.b4 axb4
16.Bxb4 Nc5 17.a5 Nba4 18.Ra1 Nxc3 19.Bxc3 Bd7 20.Qb1 f5 21.Bb4 Bh6 22.Bxc5 Bxd2
23.Bb4 Bxb4 24.Qxb4 fxe4 25.Qxb7 Qg5 26.Qb3 Rfb8 27.Qc3 c5 28.dxc6 Bxc6 29.g3 Qe7
30.Rfd1 Qc7 31.Bg4 Qe7 32.Rdb1 h5 33.Bh3 Kh7 34.Rxb8 Rxb8 35.a6 Qa7 36.Be6 Rb6
37.Qa3 e3 38.Qxe3 Qxa6 39.Re1 Qb7 40.c5 dxc5 41.Qxc5 Rb1 42.Rc1  1/2-1/2

[Event "Jurmala"]
[Site "Jurmala"]
[Date "1983.??.??"]
[Round "7"]
[White "Pytel, Krzysztof"]
[Black "Lanka, Zigurds"]
[Result "1/2-1/2"]
[WhiteElo "2035"]
[BlackElo "2345"]

1.Nf3 Nf6 2.c4 g6 3.Nc3 Bg7 4.e4 d6 5.d4 O-O 6.Be2 e5 7.O-O Nc6 8.Be3 Ng4
9.Bg5 f6 10.Bc1 Kh8 11.h3 exd4 12.Nxd4 Nxd4 13.Qxd4 f5 14.Qd1 Ne5 15.exf5 Bxf5
16.f4 Nc6 17.Be3 Qh4 18.Qd2 Rae8 19.Rad1 Rf7 20.Nd5 Nd8 21.Bf3 c6 22.Bf2 Qh6
23.Nc3 Rg8 24.Be3 Qh4 25.Bf2 Qh6 26.Be3 Qh4 27.Qf2 Qe7 28.Rfe1 Qf8 29.g4 Be6
30.Ne4 Rd7 31.c5 Bxa2 32.Nxd6 Nf7 33.Nxf7+ Qxf7 34.Rxd7 Qxd7 35.Rd1  1/2-1/2

[Event "Lloyds Bank op"]
[Site "London"]
[Date "1983.??.??"]
[Round "?"]
[White "Littlewood, Paul E"]
[Black "Pein, Malcolm"]
[Result "1/2-1/2"]
[WhiteElo "2465"]
[BlackElo "2285"]

1.d4 Nf6 2.c4 g6 3.Nc3 Bg7 4.e4 O-O 5.Nf3 d6 6.Be2 e5 7.O-O Nc6 8.d5 Ne7
9.Ne1 Nd7 10.Nd3 f5 11.Bd2 Nf6 12.f3 Rf7 13.c5 Qf8 14.g4  1/2-1/2

[Event "Lvov"]
[Site "Lvov"]
[Date "1983.??.??"]
[Round "?"]
[White "Chekhov, Valery A"]
[Black "Donchev, Dimitar I"]
[Result "1/2-1/2"]
[WhiteElo "2510"]
[BlackElo "2450"]

1.Nf3 Nf6 2.c4 g6 3.Nc3 Bg7 4.e4 d6 5.d4 O-O 6.Be2 e5 7.O-O Nc6 8.Be3 Ng4
9.Bg5 Bf6 10.Bxf6 Nxf6 11.h3 Nh5 12.dxe5 dxe5 13.Qxd8 Rxd8 14.Rfd1 Be6 15.Nd5 Rac8
16.b4 f6 17.b5 Bxd5 18.cxd5 Na5 19.Nd2 Nf4 20.Bf1 Kf8 21.g3 Nh5 22.Nb3 Nxb3
23.axb3 Ra8 24.Rdc1 Rd7 25.Rc2 Ng7 26.Rca2 b6 27.d6 Rxd6 28.Bc4 Ke8 29.Bd5 Rad8
30.Rxa7 Rxd5 31.exd5 Rxd5 32.Ra8+ Kf7 33.Rc8 Rd7 34.Ra7 h5 35.h4 Re7 36.Kf1 e4
37.Ke2 Re5 38.Raa8 Re7 39.Ra7 Ke6 40.Ke3 Ke5 41.f3  1/2-1/2

[Event "Lvov"]
[Site "Lvov"]
[Date "1983.??.??"]
[Round "?"]
[White "Chekhov, Valery A"]
[Black "Karsa, Laszlo"]
[Result "1-0"]
[WhiteElo "2510"]
[BlackElo "2460"]

1.Nf3 Nf6 2.c4 g6 3.Nc3 Bg7 4.e4 d6 5.d4 O-O 6.Be2 e5 7.O-O Nc6 8.Be3 Re8
9.dxe5 dxe5 10.Qxd8 Nxd8 11.Nb5 Ne6 12.Ng5 Re7 13.Rfd1 h6 14.Nxe6 Bxe6 15.f3 b6
16.a4 c6 17.Nc3 Rb8 18.c5 Rd7 19.cxb6 axb6 20.b4 Rxd1+ 21.Nxd1 Bf8 22.a5 Nd7
23.b5 cxb5 24.a6 Bc4 25.Bxc4 bxc4 26.Nc3 Bc5 27.Bxc5 Nxc5 28.a7 Ra8 29.Nd5 c3
30.Nxc3 Nb3 31.Ra6 Nd4 32.Nd5 Nc6 33.Rxb6 Nxa7 34.Ra6  1-0

[Event "URS-ch sf"]
[Site "Minsk"]
[Date "1983.??.??"]
[Round "?"]
[White "Grigorian, Karen Ashotovich"]
[Black "Kochyev, Alexander"]
[Result "1/2-1/2"]
[WhiteElo "2425"]
[BlackElo "2475"]

1.c4 g6 2.e4 Bg7 3.d4 d6 4.Nc3 Nf6 5.Nf3 O-O 6.Be2 e5 7.O-O Nc6 8.d5 Ne7
9.Ne1 Nd7 10.Nd3 f5 11.Bd2 Nf6 12.f3 Kh8 13.Rc1 c6 14.Be3 f4 15.Bf2 c5 16.b4 b6
17.bxc5 bxc5 18.Nb5 Ne8 19.Qa4 g5 20.Nxd6 Nxd6 21.Bxc5 Bf6 22.Ba3 g4 23.c5 gxf3
24.Bxf3 Nf7 25.Bh5 Ng5 26.Bb2 Nxd5 27.exd5 Qxd5 28.Qb3 Qxb3 29.axb3 Ba6 30.Rfd1 e4
31.Bxf6+ Rxf6 32.Nb4 Rg8 33.Nxa6 f3 34.Kh1 fxg2+ 35.Kxg2 Rxa6 36.Rc2 Rh6
37.Bg4 Nf3 38.Kg3 Rhg6 39.h3 h5 40.Rd6 Rxd6 41.cxd6 hxg4 42.hxg4 Rd8 43.Kf4 Rxd6
44.Kxe4 Ng5+ 45.Kf5 Ne6 46.Rc8+ Kg7 47.Ke5 Rb6 48.Ra8 Ra6 49.b4 Nc7 50.Rd8 Re6+
51.Kf5 Rf6+ 52.Ke5 Re6+ 53.Kf5 Re7 54.g5 Nb5 55.Rd5 Rb7 56.Rd3 Rc7 57.Rd5 Rf7+
58.Kg4 Nc3 59.Rc5 Ne2 60.Rc4 Rd7 61.Kf5 Nd4+ 62.Ke5 Nf3+ 63.Ke6 Rb7 64.Kd6 Nxg5
65.Rc7+ Nf7+ 66.Kd7 Rxb4 67.Rxa7 Rb6 68.Ke8 Kg6 69.Ra1  1/2-1/2

[Event "New York Kavkasian"]
[Site "New York"]
[Date "1983.??.??"]
[Round "?"]
[White "Henley, Ron W"]
[Black "Spraggett, Kevin"]
[Result "1-0"]
[WhiteElo "2525"]
[BlackElo "2490"]

1.d4 Nf6 2.Nf3 g6 3.c4 Bg7 4.Nc3 O-O 5.e4 d6 6.Be2 e5 7.O-O Nc6 8.d5 Ne7
9.b4 Nh5 10.c5 Nf4 11.Bxf4 exf4 12.Rc1 a5 13.cxd6 cxd6 14.Qd2 axb4 15.Nb5 f5
16.Bd3 fxe4 17.Bxe4 Ra4 18.Rc4 Bf5 19.Bxf5 Nxf5 20.Rxb4 Qa5 21.Rxa4 Qxa4
22.Qe2 Kh8 23.Rc1 h6 24.h3 Ra8 25.Rc2 Kh7 26.Nc7 Rc8 27.Rc4 Qa5 28.Ne6 Qb5
29.Nd2 Re8 30.Qd3 Qb2 31.Nf3 Qxa2 32.Rxf4 Qa6 33.Qxa6 bxa6 34.g4 Be5 35.Nxe5 dxe5
36.Ra4 Ng7 37.Nc7 Rb8 38.Rxa6 Rb1+ 39.Kg2 Rd1 40.Kf3 Rd4 41.Ne6  1-0

[Event "New York Kavkasian"]
[Site "New York"]
[Date "1983.??.??"]
[Round "?"]
[White "Bass, Leonid"]
[Black "Spraggett, Kevin"]
[Result "1-0"]
[WhiteElo "2460"]
[BlackElo "2490"]

1.d4 Nf6 2.c4 g6 3.Nc3 Bg7 4.e4 d6 5.Nf3 O-O 6.Be2 e5 7.O-O Nc6 8.d5 Ne7
9.Ne1 Nd7 10.Be3 f5 11.f3 f4 12.Bf2 g5 13.Rc1 Ng6 14.b4 Nf6 15.c5 Rf7 16.cxd6 cxd6
17.a4 h5 18.a5 g4 19.Nb5 g3 20.Bxa7 Nh7 21.Kh1 Rxa7 22.Rxc8 Qxc8 23.Nxa7 Qd8
24.h3 Qh4 25.Qc2 Ng5 26.Bb5 Nf8 27.Kg1 Nfh7 28.Be8 Nxh3+ 29.gxh3 Ng5 30.Bxf7+ Kxf7
31.Nc8 Bf8 32.b5 Nxh3+ 33.Kg2 Nf2 34.Rxf2 Qh2+ 35.Kf1 Qh1+ 36.Ke2 gxf2 37.Kxf2 Qh2+
38.Kf1 Qh1+ 39.Ke2 h4 40.Qc7+ Kg8 41.Nxd6  1-0

[Event "Nordic-tt"]
[Site "Oslo"]
[Date "1983.??.??"]
[Round "?"]
[White "Adamski, Jan"]
[Black "Maki, Veijo"]
[Result "0-1"]
[WhiteElo "2450"]
[BlackElo "2370"]

1.c4 g6 2.d4 Bg7 3.Nf3 Nf6 4.Nc3 d6 5.e4 O-O 6.Be2 e5 7.O-O Nc6 8.d5 Ne7
9.b4 Nh5 10.g3 f5 11.Ng5 Nf6 12.f3 f4 13.c5 a5 14.Qb3 axb4 15.cxd6 cxd6 16.Qxb4 Kh8
17.Rb1 h6 18.Ne6 Bxe6 19.dxe6 Qc8 20.Nb5 Qxe6 21.g4 Nc6 22.Qc4 d5 23.Nc7 Qf7
24.Nxd5 Nd4 25.Nb6 Rxa2 26.Bd3 Qxc4 27.Bxc4 Rc2 28.Rf2 Rc3 29.Kg2 Rd8 30.Bb2 Re3
31.Bf7 Nxf3 32.Rxf3 Rd2+ 33.Rf2 f3+ 34.Kf1 Rxf2+ 35.Kxf2 Nxg4+ 36.Kf1 Re2
37.Rc1 Ne3+ 38.Kg1 f2+ 39.Kh1 Re1+  0-1

[Event "Rubinstein mem"]
[Site "Polanica Zdroj"]
[Date "1983.??.??"]
[Round "6"]
[White "Farago, Ivan"]
[Black "Dydyshko, Viacheslav"]
[Result "1/2-1/2"]
[WhiteElo "2495"]
[BlackElo "2460"]

1.d4 Nf6 2.c4 g6 3.Nc3 Bg7 4.e4 d6 5.Be2 O-O 6.Nf3 e5 7.O-O Nc6 8.d5 Ne7
9.Nd2 c5 10.dxc6 bxc6 11.b4 Nh5 12.Bxh5 gxh5 13.b5  1/2-1/2

[Event "Reggio Emilia8384"]
[Site "Reggio Emilia"]
[Date "1983.??.??"]
[Round "1"]
[White "Toth, Bela"]
[Black "Bouaziz, Slim"]
[Result "1/2-1/2"]
[WhiteElo "2400"]
[BlackElo "2390"]

1.d4 Nf6 2.c4 g6 3.Nc3 Bg7 4.e4 d6 5.Nf3 O-O 6.Be2 e5 7.O-O Nc6 8.d5 Ne7
9.Ne1 Nd7 10.Nd3 f5 11.Bd2 Nf6 12.f3 f4 13.c5 g5 14.Rc1 Ng6 15.cxd6 cxd6
16.Nb5 Rf7 17.Qc2 Ne8 18.a4 h5 19.Nf2 Bf8 20.Qb3 Bd7 21.a5 Rg7 22.h3 Nh4
23.Be1 Kh8 24.Na3 Nf6 25.Rc3 Be7 26.Qxb7 Rb8 27.Qxa7 g4 28.fxg4 Rxb2 29.Nc2 Ra2
30.a6 hxg4 31.hxg4 Ba4 32.Qb7 Rxc2 33.a7 Rg8 34.Rxc2 Bxc2 35.a8=Q Qxa8 36.Qxe7 Qd8
37.Qxd8 Rxd8 38.Ba5 Rd7 39.Rc1 Bb3 40.Rc3 Ba4 41.Rh3 Rh7 42.Bd8 Kg7 43.Be7 Bd7
44.Bxd6 Ng6 45.Rxh7+ Nxh7 46.Nd3 Kf6 47.Nc5 Bc8 48.Bb5 Bxg4 49.Nd7+ Bxd7
50.Bxd7 Ng5 51.Bf5 Nh4  1/2-1/2